Statistics for MCU Trivia (Phase 2)

Click here to take the quiz!

General Stats

  • This quiz has been taken 39 times
  • The average score is 17 of 30

Answer Stats

QuestionAnswer% Correct
Iron Man 3- Who Was The Real Mastermind Behind "The Mandarin" Attacks?Aldrich Killian
88%
Ant-Man- What Is The Name Of Scott's DaughterCassie
88%
Ant-Man- Which Avenger Does Scott Fight With While Infiltrating Their Compound?Falcon
84%
Avengers: Age Of Ultron- What Country Are Wanda And Pietro From?Sokovia
84%
Guardians Of The Galaxy- Ronan Wished To Destroy Which Planet?Xandar
81%
Captain America: The Winter Soldier- What Does Steve Say To Sam Every Time He Passes Him?"On Your Left"
78%
Thor: The Dark World- What Is The Cosmic Event That Occurs Every 5,000 Years?The Convergence
75%
Thor: The Dark World- What Avenger Does Loki Impersonate?Captain America
72%
Avengers: Age Of Ultron- Ultron Was Played By Which Actor?James Spader
72%
Captain America: The Winter Soldier- What Is The Name Of The Project That Has Three Helicarries Patrol The Earth?Project Insight
72%
Ant-Man- Scott Worked At Which Restaurant?Baskin Robbins
69%
Avengers: Age Of Ultron- Who Does Not Attempt To Lift Mjolnir At The Party?Black Widow
66%
Guardians Of The Galaxy- What Planet Was The Power Stone Located On?Morag
66%
Avengers: Age Of Ultron- How Many Children Does Hawkeye Have?3
63%
Captain America: The Winter Soldier- Who Was The Secret HYDRA Leader?Alexander Pierce
63%
Captain America: The Winter Soldier- Where Does Steve Hide The Flash Drive?Vending Machine
63%
Iron Man 3- What Was The Name Of Aldrich Killian's Science Company?A.I.M
53%
Guardians Of The Galaxy- Which Song Was NOT Played In The Movie?Father And Son
53%
Guardians Of The Galaxy- Who Said "I'm Gonna Die Surrounded By The Biggest Idiots In The Galaxy".Gamora
53%
Thor: The Dark World- What City Did The Dark Elves Attack?London
53%
Avengers: Age Of Ultron- Which Avenger Does Wanda NOT Get Inside The Head Off?Hawkeye
50%
Ant-Man- Scott Lang Has A Masters Degree In What?Electrical Engineering
47%
Captain America: The Winter Soldier- Where Do Natasha And Steve Go On Their "Honeymoon"?New Jersey
47%
Iron Man 3- Who Was The Actor Who Played The Fake "Mandarin"?Ben Kingsley
44%
Iron Man 3- What U.S. State Did Tony Stark Get Stranded In?Tennessee
41%
Thor: The Dark World- Which Actor Replaced Josh Dallas As Fandral?Zachary Levi
34%
Guardians Of The Galaxy- Which Item Did Rocket NOT Need In Order To Escape The Kyln?Gun
25%
Thor: The Dark World- Which Realm Do The Dark Elves Reside In?Svartalfheim
22%
Iron Man 3- "You Gave Me The Greatest Gift That Anybody's Ever Given Me...?Desperation"
9%
Ant-Man- Who Did NOT Make An Appearance In The Movie?Howard Stark
6%

Score Distribution

Percentile by Number Answered

Percent of People with Each Score

Your Score History

You have not taken this quiz